01646nab a22002777a 4500999001500000003000400015005001700019008004100036040000700077100004000084245011300124260004200237300001200279500003700291505061700328505008900945650002601034650003801060650003301098650001901131650003401150650002901184650002201213773012001235942001301355 c6469d6469OSt20260209122123.0190506c xxu||||| |||| 00| 0 spa d cPJ 95719aVelesquen Sáenz, Gustavo E.10aImplicancias laborales del Reglamento Europeo sobre Inteligencia Artificial /cGustavo E. Velesquen Sáenz. aBuenos Aires :bAbeledoPerrot,c2025. ap. 3-16 aCita: TR LALEY AR/DOC/235/2025.  aSumario: I. Introducción: contexto regulatorio del Reglamento Europeo sobre IA. En enfoque basado en riesgos.— II. Aspectos preliminares del Reglamento Europeo sobre IA relativos al ámbito del trabajo.— III. Considerandos del Reglamento Europeo de Inteligencia Artificial y su proyección al mundo del trabajo.— IV. Sistemas de IA considerados como de riesgo no aceptable en el ámbito del trabajo (art. 5°).— V. Sistemas de IA considerados como de alto riesgo en el ámbito del trabajo (arts. 6.1 y 6.2).— VI. Relación con otras normativas y principios internacionales.— VII. Conclusiones. t¿Te interesa el texto completo? Comunicate al correo: koha@justierradelfuego.gov.ar 091316aDERECHO LABORAL 09289aTECNOLOGIA DE LA INFORMACION 096081aCIENCIA Y TECNOLOGÍA 095233aPANDEMIA 095817aINTELIGENCIA ARTIFICIAL 09273aDERECHO INFORMATICO 094439aTELETRABAJO0 0275193202dBuenos Aires : AbeledoPerrot, 2013-tRevista de derecho laboral y seguridad social. Nº 6 - Marzo 2025 2udccANA